header

Evelyn the mermicorn fairy / (Record no. 264203)

MARC details
000 -LEADER
fixed length control field 00571nam a22001937a 4500
003 - CONTROL NUMBER IDENTIFIER
control field OSt
005 - DATE AND TIME OF LATEST TRANSACTION
control field 20240805164340.0
008 - FIXED-LENGTH DATA ELEMENTS--GENERAL INFORMATION
fixed length control field 240805b xxu||||| |||| 00| 0 eng d
010 ## - LIBRARY OF CONGRESS CONTROL NUMBER
LC control number 2019297681
020 ## - INTERNATIONAL STANDARD BOOK NUMBER
International Standard Book Number 9781338553840
Qualifying information (paperback)
040 ## - CATALOGING SOURCE
Transcribing agency DLC
050 ## - LIBRARY OF CONGRESS CALL NUMBER
Classification number PZ7
Item number .M507 2019
100 ## - MAIN ENTRY--PERSONAL NAME
Personal name Meadows, Daisy,
Relator term author.
245 ## - TITLE STATEMENT
Title Evelyn the mermicorn fairy /
Statement of responsibility, etc by Daisy Meadows.
250 ## - EDITION STATEMENT
Edition statement Special edition.
260 ## - PUBLICATION, DISTRIBUTION, ETC. (IMPRINT)
Place of publication, distribution, etc New York, NY :
Name of publisher, distributor, etc Scholastic Inc.,
Date of publication, distribution, etc [2019]
300 ## - PHYSICAL DESCRIPTION
Extent 145 pages :
Other physical details illustrations, map ;
Dimensions 20 cm.
942 ## - ADDED ENTRY ELEMENTS (KOHA)
Source of classification or shelving scheme Library of Congress Classification
Koha item type Long Loan Books
Holdings
Withdrawn status Lost status Source of classification or shelving scheme Damaged status Not for loan Collection code Home library Current library Shelving location Date acquired Total Checkouts Full call number Barcode Date last seen Price effective from Koha item type
    Library of Congress Classification     Fiction Rongo University Library Rongo University Library Children's Area 05/08/2024   PZ7 .M507 2019 CL20243618 05/08/2024 05/08/2024 Long Loan Books

© 2026 Rongo University
Contact us: librarian | system librarian | Rongo university